Geography Five - Statistics

General Stats
  • This quiz has been taken 115 times
  • The average score is 17 of 25
Answer Stats
Hint Answer % Correct
2) a: Name the 4 countries who's names start with 'TU' ? Turkey
96%
14) Name the country with the most stars on it's flag? USA
94%
c: Turkmenistan
91%
d: Tuvalu
89%
12) Vilnius is the capital of which country? Lithuania
88%
10) How many countries of the world does 'jetpunk' recognise? 196
80%
b: Tunisia
80%
20) Three countries are entirely surrounded (enclaved) by another, what are they? 1) Vatican
80%
18) How many 'Island Countries' are part of Africa? 6
79%
3) Lesotho
78%
11) Which mountain range stretches 430 kms, between Spain and France? Pyrenees
78%
3) Which country shares a border with both Togo and Nigeria? Benin
77%
2) San Marino
76%
15) Magyar is the official language of which country? Hungary
73%
13) If you travel due East from Cyprus, which country would you arrive at first? Syria
73%
19) The Humboldt Current flows in which Ocean? Pacific
71%
8) The Danube River flows through Vienna, Budapest, Belgrade and which other Capital City? Bratislava
67%
6) The 6th largest country in area is? Australia
66%
9) Which US State lies between Utah and Kansas? Colorado
66%
1) Borobudur (pic), the world's largest Buddhist Temple, stands on which island? Java
55%
5) What is the capital of Botswana? Gaborone
49%
4) Which 'class' of rocks is an anagram of "emit camphor"? Metamorphic
47%
16) Which country has the Highest Average Elevation 3,186m (10,455 feet) ? Tajikistan
23%
17) What is the largest lake in area in the UK at 148 square miles (383 sq km)? Lough Neagh N.I.
13%
7) What sea between SPAIN and MOROCCO is part of the Mediterranean? Alboran Sea
8%
No matching quizzes found
Score Distribution
Percent of People with Each Score
Percentile by Number Answered
Your Score History
You have not taken this quiz